000 00408nam a2200145Ia 4500
008 100204s9999 xx 000 0 und d
082 _b6745
100 _aशिरवळकर सुहास
245 _aनिदान
260 _b"दिलिप प्रकाशन , मुंबई"
_c1984
300 _a230
630 _aनिदान
730 _aनिदान
942 _cBOOK
999 _c451183
_d451180